Enfermedades del frijol causadas por hongos y su control: guía de estudio

Salvato in:
Dettagli Bibliografici
Ente Autore: Centro Internacional de Agricultura Tropical (Autore)
Natura: Libro
Lingua:spagnolo
Pubblicazione: Cali CIAT 1980
Soggetti:
Tags: Aggiungi Tag
Nessun Tag, puoi essere il primo ad aggiungerne!!

MARC

LEADER 00000nam a2200000 a 4500
001 UCR2970
003 CL-VaPUC
008 980123e19800000CK |||||||||||||||||spa|d
082 0 4 |a 632.9  |b CEN  |2 21 
110 2 |a Centro Internacional de Agricultura Tropical  |e author  |9 401549 
245 1 0 |a Enfermedades del frijol causadas por hongos y su control: guía de estudio 
300 |a 56 p 
942 |c BK 
945 |d 19980123 00:00:00  |a jquezada 
260 |a Cali  |b CIAT  |c 1980 
650 0 |a Control de plagas  |9 327373 
650 0 |a Enfermedades de las plantas  |9 259687 
650 7 |a FRIJOL  |2 CL-VaPUC  |9 401550 
650 0 |a Control biológico   |9 338554 
650 0 |a Patología vegetal  |9 325426 
650 0 |a Hongos  |9 261629 
650 7 |a SINTOMATOLOGIA  |2 CL-VaPUC  |9 393926 
650 0 |a Epidemiología   |9 271159 
650 7 |a TALLO  |2 CL-VaPUC  |9 401551 
650 7 |a RAIZ  |2 CL-VaPUC  |9 395509 
650 7 |a FOLLAJE  |2 CL-VaPUC  |9 372721 
650 0 |a Vainas  |9 401552 
583 |a last modification  |c 19980123 00:00:00  |k Rodrigo Vera 
999 |c 266090  |d 266088